[Event "Almeria Sola Memorial-B 2nd"]
[Site "Almeria"]
[Date "2015.12.20"]
[Round "7"]
[White "Mena Hernandez, Diego"]
[Black "Titos Gonzalez, Jose Antonio"]
[Result "0-1"]
[WhiteElo "1695"]
[BlackElo "1552"]
[PlyCount "86"]
[EventDate "2015.12.18"]
[EventType "swiss"]
[EventRounds "7"]
[EventCountry "ESP"]
[SourceTitle "CBM 170 Extra"]
[Source "ChessBase"]
[SourceDate "2016.02.25"]
[SourceVersion "1"]
[SourceVersionDate "2016.02.25"]
[SourceQuality "1"]

1. d4 Nf6 2. Nf3 g6 3. Bf4 Bg7 4. e3 d6 5. h3 Nh5 6. Bh2 b6 7. Be2 Bb7 8. 0-0 Nd7 9. c4 c5 10. Nc3 Nhf6 11. d5 0-0 12. Qc2 Re8 13. Rad1 Kh8 14. Rfe1 Ng8 15. e4 Ne5 16. Nxe5 Bxe5 17. Bxe5+ dxe5 18. Qc1 Qb8 19. Qg5 h6 20. Qg3 Nf6 21. Rd2 Kg7 22. Red1 Rd8 23. h4 Bc8 24. a4 a5 25. Qe3 Kh7 26. Nb5 Ba6 27. Nc3 Bc8 28. Qg3 Kh8 29. Rf1 Kh7 30. f4 exf4 31. Rxf4 Qe5 32. Qf2 g5 33. hxg5 hxg5 34. Rf3 Kg6 35. Rg3 Rh8 36. Qe3 Rh4 37. d6 e6 38. Bd1 Bd7 39. Rh3 Rah8 40. Rxh4 Rxh4 41. Be2 Qh2+ 42. Kf2 Rf4+ 43. Bf3 Ng4+ 0-1